Doja Cat - Scarlet - Statistics

General Stats
  • This quiz has been taken 48 times
  • The average score is 12 of 27
Answer Stats
2023 Scarlet % Correct
2 Demons
87%
3 Wet Vagina
83%
1 Paint The Town Red
80%
10 Agora Hills
73%
6 97
67%
15 Attention
67%
7 Gun
63%
9 Shutcho
57%
18 ACKNOWLEDGE ME
50%
16 Balut
50%
13 Love Life
50%
23 PISS
50%
14 Skull And Bones
50%
8 Go Off
43%
11 Can't Wait
40%
19 DISRESPECTFUL
37%
24 HEADHIGH
37%
5 Ouchies
37%
17 WYM Freestyle
37%
22 MASC (feat. Teezo Touchdown)
30%
12 Often
30%
4 Fuck The Girls (FTG)
27%
21 OKLOSER
20%
20 URRRGE!!!!!!!!!! (feat. A$AP Rocky)
17%
26 ACKNOWLEDGE ME (feat. The Joy)
0%
26 DISRESPECTFUL (feat. The Joy)
0%
25 Shutcho (feat. The Joy)
0%
No matching quizzes found
Score Distribution
Percent of People with Each Score
Percentile by Number Answered
Your Score History
You have not taken this quiz